| 000 | 00682nam a2200241Ia 4500 | ||
|---|---|---|---|
| 005 | 20260121113008.0 | ||
| 008 | 10460 260114s9999 xx 000 0 eng d | ||
| 020 | _a9789812830012 | ||
| 037 | _aEBOOK | ||
| 040 |
_aCRL _beng _cCRL |
||
| 041 |
_aeng _2eng |
||
| 084 | _qCRL | ||
| 100 |
_aEdwards P J & Murray A F _9966542 |
||
| 245 | 0 | _aAnalogue Imprecision in Mlp Training, Progress in Neural Processing, Vol 4 | |
| 260 | _bWorld Scientific | ||
| 260 | _bWSPC | ||
| 260 | _c1996 | ||
| 650 |
_aComputer Science _9966543 |
||
| 856 | _uhttps://www.worldscientific.com/worldscibooks/10.1142/3170#t=toc | ||
| 942 | _cEBOOK | ||
| 999 |
_c1547760 _d1547760 |
||